000 03810cam a22008054i 4500
003 PE-LiUPU
005 20250731170424.0
008 180808s2018 ag 0 rb 001 0 spa d
020 _a6124689197
020 _a9786124689192
035 _a(Sirsi) a249570
040 _aPE-LiUPU
_bspa
_cPE-LiUPU
_erda
041 1 _aspa
_heng
049 _aPRUA
082 0 4 _a152.384
_bP29
_220
100 1 _aEkman, Paul,
_eautor.
245 1 0 _aCómo detectar mentiras :
_buna guía para utilizar en el trabajo, la política y la pareja /
_cPaul Ekman.
250 _aPrimera edición.
264 1 _aBuenos Aires :
_bPaidós,
_c2018.
300 _a399 páginas ;
_c21 centímetros.
336 _atext
_2rdacontent
337 _aunmediated
_2rdamedia
338 _avolume
_2rdacarrier
490 0 _aSaberes cotidianos ;
_v55
504 _aBibliografía: páginas 373-386.
504 _aÍndice: páginas 387-399.
505 0 _aMentiras, autodelaciones e indicios del engaño -- por que fallan las mentiras -- la detección del engaño a partir de las palabras, la vos y el cuerpo -- los indicios faciales del engaño -- peligros y precauciones -- el polígrafo como detector de mentiras -- verificación de la mentira -- detectar mentiras en la década de 1990 -- la mentira en la vida pública -- nuevos descubrimientos y nuevas ideas sobre la mentira y su detección.
526 _aSEG68
526 _aSEG70
526 _aSEG69
526 _aSEG67
526 _aSEG43
526 _aP144
526 _aP143
526 _aP131
526 _aP122
526 _aP120
526 _aP117
526 _aP112
526 _aP110
526 _aP106
526 _aP101
526 _aP80
526 _aP59
526 _aP54
526 _aP35
526 _aP33
526 _aP30
534 _pTítulo original :
_tTelling Lies.
541 _g001-003630;
541 _g002-00000796;
541 _g0021-0005351;
541 _gE001-18;
650 0 7 _aVerdad y mentira.
_2lemb
650 0 7 _aComunicación No verbal (Psicología)
650 0 7 _aMitonamia.
_2lemb
910 _adbm
_bksl
_cksl
_d20180808
910 _adbm
_bksl
_cksl
_d20190204
910 _adbm
_bjhp
_cjhp
_d20180903
910 _adbm
_bjpc
_cjpc
_d20191114
942 _2ddc
_cBOOK
994 _aC0
_bPEPRU
596 _a1
999 _a152.384 P29
_wDEWEY
_c29119
_i79195
_d29119
_e2019-8-16
_f2021-11-3
_g4
_lCCODEBUL1
_mBUL
_n4
_p51.53
_q3
_r0
_sY
_tBOOK
_u2018-8-8
_xSALUD
_zP80
_0COMPRA
_1FCOMPRA
_o.STAFF. Colección Ciencias de la Salud
999 _a152.384 P29
_wDEWEY
_c2
_i79196
_d2019-11-20
_e2019-11-12
_f2021-11-3
_g4
_lCCODEBUL1
_mBUL
_n9
_p51.53
_q2
_r0
_sY
_tBOOK
_u2018-8-8
_xSALUD
_zP80
_0COMPRA
_1FCOMPRA
_o.STAFF. Colección Ciencias de la Salud
999 _a152.384 P29
_wDEWEY
_c3
_i79808
_d2019-5-16
_e2019-4-28
_f2021-11-3
_g3
_lCCODEBUL1
_mBUL
_n2
_p27.02
_q1
_r0
_sY
_tBOOK
_u2019-2-4
_xSALUD
_zP33
_0COMPRA
_1FCOMPR2
_o.STAFF. Colección Ciencias de la Salud
999 _a152.384 P29
_wDEWEY
_c4
_i78418
_lCRAI-HOUSE
_mBUL
_p25.99
_r0
_sY
_tBOOK
_u2019-11-14
_xFCE
_zP33
_0COMPRA
_1FCOMPRA
_o.STAFF. Colección Ciencias de la Salud
999 _a152.384 P29
_wDEWEY
_c5
_i80765
_f2021-11-3
_g4
_lCCODEBUL1
_mBUL
_p47.50
_r0
_sY
_tBOOK
_u2019-11-14
_xSALUD
_zP54
_0COMPRA
_1FCOMPR4
_o.STAFF. Colección Ciencias de la Salud
999 _a152.384 P29
_wDEWEY
_c6
_i80766
_f2021-11-3
_g4
_lCCODEBUL1
_mBUL
_p47.50
_r0
_sY
_tBOOK
_u2019-11-14
_xSALUD
_zP54
_0COMPRA
_1FCOMPR4
_o.STAFF. Colección Ciencias de la Salud
980 _81
_gALBERTO SANCHEZ Responsable de Automatización